000 00672nam a22002417a 4500
003 UA-OsUOA
001 22136
007 ta
008 20031217b un ||||| |||| 00| 0 ukr d
100 _aВалявко І.
090 _a1(09)(477)"654"
_bВ16
942 _cBK
040 _aUA-OsUOA
_bukr
_cUA-OsUOA
_dUA-OsUOA
245 _aФілософія Григорія Совороди в осмисленні Дмитра Чижевського
300 _a56 с.
955 _a0
041 _aukr
080 _a1(09)(477)"654"
260 _aКиїв
_bКиївське братство
_c1996
044 _aUA
650 7 _2UDC
999 _c308350
_d308350